Physics of semiconductor devices / (Record no. 14851)

MARC details
000 -LEADER
fixed length control field 00949cam a2200253 a 4500
001 - CONTROL NUMBER
control field TB12349
003 - CONTROL NUMBER IDENTIFIER
control field IN-BhIIT
005 - DATE AND TIME OF LATEST TRANSACTION
control field 20250818133633.0
008 - FIXED-LENGTH DATA ELEMENTS--GENERAL INFORMATION
fixed length control field 890804s1990 njua b 001 0 eng
020 ## - INTERNATIONAL STANDARD BOOK NUMBER
ISBN 9789353430061 (pbk.)
040 ## - CATALOGING SOURCE
Original cataloging agency IN-BhIIT
041 ## - LANGUAGE CODE
Language code of text eng
082 00 - DEWEY DECIMAL CLASSIFICATION NUMBER
Classification number 537.622
Book number SHU/P
100 1# - MAIN ENTRY--AUTHOR NAME
Personal name Shur, Michael.
Relator term Author
245 10 - TITLE STATEMENT
Title Physics of semiconductor devices /
Statement of responsibility, etc by Michael Shur.
260 ## - PUBLICATION, DISTRIBUTION, ETC. (IMPRINT)
Place of publication Noida :
Name of publisher Prentice Hall,
Year of publication 2019.
300 ## - PHYSICAL DESCRIPTION
Number of Pages xxiii, 640 p. :
Other physical details(ill.) ill. ;
Dimensions(size) 25 cm.
500 ## - GENERAL NOTE
General note System requirements for computer disk (PLOTF software, version 3.00): IBM PC, PC/XT, or PC/AT; minimum 64K RAM; PC-DOS, BASICA; single or double-sided disk drive; color graphics adapter.
504 ## - BIBLIOGRAPHY, ETC. NOTE
Bibliography, etc Includes bibliographical references and index.
650 #0 - SUBJECT ADDED ENTRY--TOPICAL TERM
Topical Term Semiconductors.
Topical Term Junction transistors.
Topical Term Metal-oxide semiconductor field-effect transistors.
942 ## - ADDED ENTRY ELEMENTS (KOHA)
Koha item type Text Book
Koha issues (borrowed), all copies 2
Holdings
Withdrawn status Lost status Damaged status Not for loan Collection code Home library Current library Date acquired Source of acquisition Cost, normal purchase price Accession Number Cost, replacement price Price effective from Koha item type Full call number
Not withdrawn Not Lost not damaged   SBS Central Library, IIT Bhubaneswar Central Library, IIT Bhubaneswar 21/02/2025 46 663.75 TB12353 885.00 21/02/2025 Text Book  
Not withdrawn Not Lost not damaged   SBS Central Library, IIT Bhubaneswar Central Library, IIT Bhubaneswar 21/02/2025 46 663.75 TB12351 885.00 21/02/2025 Text Book  
Not withdrawn Not Lost not damaged   SBS Central Library, IIT Bhubaneswar Central Library, IIT Bhubaneswar 21/02/2025 46 663.75 TB12350 885.00 21/02/2025 Text Book  
Not withdrawn Not Lost not damaged   SBS Central Library, IIT Bhubaneswar Central Library, IIT Bhubaneswar 21/02/2025 46 663.75 TB12352 885.00 21/02/2025 Text Book  
Not withdrawn Not Lost not damaged   SBS Central Library, IIT Bhubaneswar Central Library, IIT Bhubaneswar 21/02/2025 46 663.75 TB12349 885.00 21/02/2025 Course Reserve 537.622 SHU/P

Central Library, Indian Institute of Technology Bhubaneswar, 4th Floor, Administrative Building, Argul, Khordha, PIN-752050, Odisha, India
Phone: +91-674-7138750 | Email: circulation.library@iitbbs.ac.in (For circulation related queries),
Email: info.library@iitbbs.ac.in (For other queries)